[Event "British Columbia-Nova Scotia School m"]
[Site "Online"]
[Date "2022.03.05"]
[Round "1.2"]
[White "Shi, Xinyi (Olivia)"]
[Black "Kaethler-Morin, Oliver"]
[Result "1-0"]
[WhiteElo "582"]
[BlackElo "626"]
[PlyCount "55"]
[EventDate "2022.03.05"]
[EventType "team (rapid)"]
[EventRounds "2"]
[EventCountry "CAN"]

1. e4 e5 2. Nf3 Nc6 3. Bc4 Bc5 4. O-O Nf6 5. Nc3 d6 6. a3 O-O 7. b4 Bb6 8. h3
h6 9. Re1 Be6 10. Bxe6 fxe6 11. d3 Qd7 12. Bd2 Rf7 13. b5 Na5 14. a4 Re8 15.
Be3 Rfe7 16. Qd2 Bxe3 17. Qxe3 d5 18. Qxa7 b6 19. exd5 exd5 20. Rad1 Qd6 21. d4
exd4 22. Rxe7 Qxe7 23. Re1 Qd7 24. Rxe8+ Nxe8 25. Ne5 Qe7 26. Ng6 Qf6 27. Nxd5
Qf5 28. Nde7+ 1-0

[Event "British Columbia-Nova Scotia School m"]
[Site "Online"]
[Date "2022.03.05"]
[Round "1.3"]
[White "Hildebrand, Charles"]
[Black "Ye, YouJia"]
[Result "0-1"]
[WhiteElo "613"]
[BlackElo "1013"]
[PlyCount "100"]
[EventDate "2022.03.05"]
[EventType "team (rapid)"]
[EventRounds "2"]
[EventCountry "CAN"]

1. e4 e5 2. Nf3 Nc6 3. Bc4 Bc5 4. O-O Nf6 5. Ng5 O-O 6. Re1 h6 7. Nf3 d6 8. d3
Be6 9. Bxe6 fxe6 10. Nc3 Re8 11. Bd2 d5 12. exd5 exd5 13. Na4 Bb6 14. Nxb6 axb6
15. d4 e4 16. Ne5 Nxe5 17. dxe5 Rxe5 18. Bc3 Re8 19. f3 c5 20. fxe4 dxe4 21.
Qxd8 Raxd8 22. Rad1 Rxd1 23. Rxd1 e3 24. b3 e2 25. Ra1 Nd5 26. Bd2 b5 27. Re1
b4 28. Rb1 Nc3 29. Rc1 Nxa2 30. Ra1 Nc3 31. Re1 b5 32. g3 c4 33. bxc4 bxc4 34.
h4 Nd5 35. Rc1 b3 36. Be1 b2 37. Rb1 c3 38. Kf2 Ra8 39. Kxe2 Ra1 40. Rxa1
bxa1=Q 41. Bf2 Qa6+ 42. Kf3 g5 43. hxg5 hxg5 44. Kg4 Qa2 45. Kxg5 Qxc2 46. Bd4
Qg2 47. g4 c2 48. Bb2 Qd2+ 49. Kf5 c1=Q 50. Bxc1 Qxc1 0-1

[Event "British Columbia-Nova Scotia School m"]
[Site "Online"]
[Date "2022.03.05"]
[Round "1.4"]
[White "Tang, Derek"]
[Black "Deng, Jeffrey"]
[Result "0-1"]
[WhiteElo "570"]
[BlackElo "768"]
[PlyCount "136"]
[EventDate "2022.03.05"]
[EventType "team (rapid)"]
[EventRounds "2"]
[EventCountry "CAN"]

1. e4 e5 2. Nf3 Nc6 3. Nc3 Be7 4. Bc4 Nf6 5. d3 O-O 6. O-O d6 7. Bg5 h6 8. Bxf6
Bxf6 9. h3 Na5 10. b4 Nxc4 11. dxc4 Be6 12. Nd5 c6 13. Nxf6+ Qxf6 14. Qxd6 Rfd8
15. Qc5 Bd7 16. Rad1 b6 17. Qe3 Qe6 18. a4 f6 19. c5 bxc5 20. Qxc5 Qa2 21. Ra1
Qf7 22. b5 cxb5 23. axb5 Rdb8 24. b6 axb6 25. Qe3 Rxa1 26. Rxa1 Qe6 27. Ra6 Bb5
28. Ra3 Qd6 29. Qb3+ Kh7 30. Qxb5 Qxa3 31. Nd2 Qc1+ 32. Nf1 Qxc2 33. f3 Qc5+
34. Qxc5 bxc5 35. g4 c4 36. Kf2 Rc8 37. Ke2 c3 38. Kd1 c2+ 39. Kc1 Kg6 40. h4
h5 41. gxh5+ Kxh5 42. Ng3+ Kxh4 43. Nf5+ Kh3 44. Nxg7 Kg3 45. Nf5+ Kxf3 46. Nd6
Rc6 47. Nf7 Kxe4 48. Nd8 Rc8 49. Ne6 f5 50. Ng5+ Kd5 51. Nf3 e4 52. Nd2 e3 53.
Nf3 Ke4 54. Ne1 f4 55. Nxc2 e2 56. Kd2 f3 57. Ne1 f2 58. Kxe2 fxe1=Q+ 59. Kxe1
Rc2 60. Kd1 Rh2 61. Ke1 Ke3 62. Kf1 Kf3 63. Ke1 Ra2 64. Kd1 Ke3 65. Kc1 Kd3 66.
Kb1 Rf2 67. Kc1 Rg2 68. Kd1 Rg1# 0-1

[Event "British Columbia-Nova Scotia School m"]
[Site "Online"]
[Date "2022.03.05"]
[Round "1.6"]
[White "Syed, Juveria"]
[Black "Law, Jesse"]
[Result "0-1"]
[WhiteElo "665"]
[BlackElo "1092"]
[PlyCount "96"]
[EventDate "2022.03.05"]
[EventType "team (rapid)"]
[EventRounds "2"]
[EventCountry "CAN"]

1. d4 d5 2. Nf3 Nc6 3. Nc3 Nf6 4. Bf4 Bf5 5. a3 e6 6. Nb5 Rc8 7. h3 a6 8. Nc3
Bd6 9. Bxd6 cxd6 10. e3 O-O 11. Bd3 Bg6 12. Bxg6 fxg6 13. Qd3 Re8 14. O-O e5
15. b4 e4 16. Qe2 exf3 17. Qxf3 Ne4 18. Ne2 Nd2 19. Qg4 Nxf1 20. Rxf1 b5 21. c3
Nb8 22. Qf3 Nd7 23. Qxd5+ Kh8 24. Qxd6 Nf6 25. Qf4 Nd5 26. Qg4 Nxc3 27. Ng3 Nd5
28. e4 Nf6 29. Qf4 Qxd4 30. Rc1 Rxc1+ 31. Qxc1 Nxe4 32. Nxe4 Qxe4 33. Qc7 Qe1+
34. Kh2 Qe5+ 35. Qxe5 Rxe5 36. f3 Re3 37. f4 Rxa3 38. Kg1 Rb3 39. g4 Rxb4 40.
h4 Rxf4 41. g5 Rxh4 42. Kf1 Rh2 43. Ke1 a5 44. Kd1 a4 45. Kc1 b4 46. Kb1 b3 47.
Ka1 a3 48. Kb1 Rh1# 0-1

[Event "British Columbia-Nova Scotia School m"]
[Site "Online"]
[Date "2022.03.05"]
[Round "1.7"]
[White "Wang, David"]
[Black "Mishra-Jaiman, Panshul"]
[Result "1/2-1/2"]
[WhiteElo "878"]
[BlackElo "1230"]
[PlyCount "144"]
[EventDate "2022.03.05"]
[EventType "team (rapid)"]
[EventRounds "2"]
[EventCountry "CAN"]

1. e4 e6 2. Nf3 d5 3. Nc3 Nc6 4. exd5 exd5 5. d4 Nf6 6. Bg5 Be7 7. h3 O-O 8.
Bd3 h6 9. Bh4 Re8 10. O-O Nh5 11. Bxe7 Qxe7 12. Re1 Qd8 13. Rxe8+ Qxe8 14. Qe1
Qxe1+ 15. Rxe1 Bd7 16. Nxd5 Rc8 17. Bb5 Kf8 18. Bxc6 Bxc6 19. Ne7 Re8 20. Nxc6
Rxe1+ 21. Nxe1 bxc6 22. Kf1 Ke7 23. Ke2 Kd6 24. c4 c5 25. Kd3 Nf4+ 26. Kc3 Ne2+
27. Kd3 Nxd4 28. b4 Ne6 29. bxc5+ Kxc5 30. g4 Nf4+ 31. Kc3 Nxh3 32. Nd3+ Kd6
33. Kd4 Ng5 34. c5+ Kc6 35. f4 Ne6+ 36. Kc4 f6 37. f5 Ng5 38. Nb4+ Kb7 39. Kb5
Ne4 40. c6+ Kb8 41. Nd3 Nc3+ 42. Ka6 Nxa2 43. Ne1 Nb4+ 44. Kb5 Nd5 45. Nd3 Ne3
46. Nf2 Nd5 47. Ka6 Nf4 48. Nd1 h5 49. gxh5 Nxh5 50. Ne3 Nf4 51. Kb5 g6 52.
fxg6 Nxg6 53. Nf5 Ne5 54. Ka6 Nxc6 55. Kb5 Kb7 56. Kc5 a6 57. Ne3 a5 58. Kb5
Nd4+ 59. Kxa5 f5 60. Nf1 f4 61. Kb4 Kc6 62. Kc4 Ne2 63. Kd3 Ng3 64. Nxg3 fxg3
65. Ke2 Kd5 66. Kf3 Kd4 67. Kxg3 c5 68. Kf2 c4 69. Ke2 c3 70. Ke1 Kd3 71. Kd1
c2+ 72. Kc1 Kc3 1/2-1/2

[Event "British Columbia-Nova Scotia School m"]
[Site "Online"]
[Date "2022.03.05"]
[Round "1.8"]
[White "Zafar, Hamdan"]
[Black "Hong, James"]
[Result "0-1"]
[WhiteElo "573"]
[BlackElo "1016"]
[PlyCount "52"]
[EventDate "2022.03.05"]
[EventType "team (rapid)"]
[EventRounds "2"]
[EventCountry "CAN"]

1. e4 d6 2. Nf3 g6 3. Nc3 Bg7 4. Bc4 Nf6 5. e5 dxe5 6. Nxe5 Nh5 7. Nxf7 Qd4 8.
Nxh8 Qxc4 9. d3 Qe6+ 10. Be3 Bxh8 11. O-O Bd7 12. Re1 Qd6 13. Qe2 Nc6 14. Rad1
O-O-O 15. Bh6 Nf4 16. Bxf4 Qxf4 17. Nd5 e6 18. Nxf4 Bxb2 19. Rb1 Bc3 20. Rec1
Nd4 21. Qe5 Nf3+ 22. gxf3 Bxe5 23. Rb3 Bxf4 24. Rcb1 b6 25. Rb4 Bd2 26. Rd4 Bc6
0-1

[Event "British Columbia-Nova Scotia School m"]
[Site "Online"]
[Date "2022.03.05"]
[Round "1.9"]
[White "Marchand, Calix"]
[Black "Golchin, Ryan"]
[Result "1-0"]
[WhiteElo "1499"]
[BlackElo "1244"]
[PlyCount "37"]
[EventDate "2022.03.05"]
[EventType "team (rapid)"]
[EventRounds "2"]
[EventCountry "CAN"]

1. e4 c5 2. c3 e6 3. d4 cxd4 4. cxd4 d5 5. e5 f6 6. Bd3 Nc6 7. Qh5+ Kd7 8. Nf3
Nb4 9. Bb5+ Nc6 10. O-O Qe8 11. Qh3 a6 12. Bxc6+ bxc6 13. Nc3 Kd8 14. Bd2 a5
15. Na4 Ba6 16. Bxa5+ Ke7 17. Rfe1 Bb5 18. exf6+ Nxf6 19. Qxe6# 1-0

[Event "British Columbia-Nova Scotia School m"]
[Site "Online"]
[Date "2022.03.05"]
[Round "1.10"]
[White "Syed, Hamza Ali Ahmed"]
[Black "Li, Ethan"]
[Result "0-1"]
[WhiteElo "696"]
[BlackElo "1248"]
[PlyCount "40"]
[EventDate "2022.03.05"]
[EventType "team (rapid)"]
[EventRounds "2"]
[EventCountry "CAN"]

1. d4 Nf6 2. Nc3 g6 3. e4 d6 4. Nf3 Bg7 5. g3 Nbd7 6. Bg2 c5 7. Bf4 cxd4 8.
Qxd4 Nh5 9. Ng5 Bxd4 10. Nf3 Nxf4 11. Nxd4 Nxg2+ 12. Kf1 Qb6 13. Ncb5 a6 14. c4
axb5 15. cxb5 Qxd4 16. Kxg2 Qxe4+ 17. Kg1 Qe2 18. Kg2 b6 19. Rae1 Bb7+ 20. Kg1
Qxe1# 0-1

[Event "British Columbia-Nova Scotia School m"]
[Site "Online"]
[Date "2022.03.05"]
[Round "1.11"]
[White "Fillmore, Louis"]
[Black "Zheng, Owen"]
[Result "0-1"]
[WhiteElo "658"]
[BlackElo "1129"]
[PlyCount "48"]
[EventDate "2022.03.05"]
[EventType "team (rapid)"]
[EventRounds "2"]
[EventCountry "CAN"]

1. e4 e5 2. Nf3 Nc6 3. Bc4 Bc5 4. Nc3 Nf6 5. O-O O-O 6. d3 h6 7. Na4 Bb6 8.
Nxb6 axb6 9. c3 d6 10. Qb3 Na5 11. Qa3 Bd7 12. Bb3 Nc6 13. Ba4 b5 14. Qb3 bxa4
15. Qxb7 Rb8 16. Qa6 Ne7 17. d4 Bb5 18. Qa5 Nc6 19. b4 Nxa5 20. bxa5 Bxf1 21.
dxe5 dxe5 22. Nxe5 Qd1 23. Ba3 Qxa1 24. Bxf8 Be2# 0-1

[Event "British Columbia-Nova Scotia School m"]
[Site "Online"]
[Date "2022.03.05"]
[Round "1.14"]
[White "Stepanov, Tymur"]
[Black "Brown, Peter"]
[Result "0-1"]
[WhiteElo "871"]
[BlackElo "1028"]
[PlyCount "188"]
[EventDate "2022.03.05"]
[EventType "team (rapid)"]
[EventRounds "2"]
[EventCountry "CAN"]

1. e4 d6 2. Nf3 Nf6 3. Nc3 e5 4. Bc4 Be7 5. d3 O-O 6. Bg5 Nbd7 7. O-O c6 8. a4
Qc7 9. Qe2 Re8 10. h3 Bf8 11. Rfe1 h6 12. Bxf6 Nxf6 13. b3 Bd7 14. b4 Rec8 15.
b5 a6 16. bxa6 bxa6 17. Reb1 Rcb8 18. Qd1 Rxb1 19. Qxb1 Qa5 20. Ne2 d5 21. exd5
cxd5 22. Bb3 e4 23. Ne5 Be6 24. dxe4 Nxe4 25. c4 Bd6 26. Nc6 Qb6 27. Ncd4 Be5
28. a5 Qb7 29. f4 Bf6 30. f5 Bd7 31. cxd5 Nd2 32. Qd3 Nxb3 33. Rb1 Qxd5 34.
Rxb3 Qxa5 35. Ra3 Qe1+ 36. Kh2 Be5+ 37. Ng3 Bxg3+ 38. Qxg3 Qxg3+ 39. Rxg3 a5
40. Rd3 a4 41. Nc2 Bxf5 42. Rc3 Bxc2 43. Rxc2 a3 44. Ra2 Kh7 45. Kg3 Kg6 46.
Kf3 Kf5 47. g3 h5 48. h4 g5 49. hxg5 Kxg5 50. Kg2 Kg4 51. Kf2 h4 52. gxh4 Kxh4
53. Kf3 Kg5 54. Ke4 Kg4 55. Ke3 f5 56. Kf2 f4 57. Kg2 f3+ 58. Kf2 Kf4 59. Kf1
Ke3 60. Ke1 Kd3 61. Kf2 Kc3 62. Kxf3 Kb3 63. Re2 a2 64. Re3+ Kb2 65. Re2+ Kc1
66. Re1+ Kd2 67. Re2+ Kd1 68. Rh2 a1=Q 69. Rh1+ Kc2 70. Rxa1 Rxa1 71. Ke4 Rd1
72. Ke5 Rd3 73. Ke4 Kc3 74. Ke5 Kc4 75. Ke4 Rd8 76. Ke3 Rd7 77. Kf4 Re7 78. Kf5
Kd4 79. Kf6 Re1 80. Kf5 Re2 81. Kf6 Kd5 82. Kf7 Kd6 83. Kg7 Rf2 84. Kg6 Ke5 85.
Kg7 Ke6 86. Kg8 Ke7 87. Kg7 Rg2+ 88. Kh6 Kf6 89. Kh5 Rg8 90. Kh4 Kf5 91. Kh3
Kf4 92. Kh2 Kf3 93. Kh1 Kf2 94. Kh2 Rh8# 0-1

[Event "British Columbia-Nova Scotia School m"]
[Site "Online"]
[Date "2022.03.05"]
[Round "1.15"]
[White "Wen, Qijia"]
[Black "Wong, Bowen"]
[Result "0-1"]
[WhiteElo "933"]
[BlackElo "1488"]
[PlyCount "104"]
[EventDate "2022.03.05"]
[EventType "team (rapid)"]
[EventRounds "2"]
[EventCountry "CAN"]

1. e4 e5 2. Nf3 Nc6 3. Bc4 Bc5 4. O-O d6 5. h3 f5 6. exf5 Nf6 7. a3 Bxf5 8. Nc3
Qd7 9. Nh4 Be6 10. Bxe6 Qxe6 11. Re1 O-O-O 12. Nf3 Rhg8 13. d3 h6 14. Be3 Bxe3
15. Rxe3 g5 16. Nh2 g4 17. h4 d5 18. g3 d4 19. Re1 dxc3 20. bxc3 Nd5 21. Re4
Nxc3 22. Qe1 Nxe4 23. Qxe4 Qd5 24. Qf5+ Kb8 25. Nxg4 Qd4 26. Rb1 Qxg4 27. Qxg4
Rxg4 28. Kg2 Nd4 29. c3 Nc2 30. Rc1 Nxa3 31. Re1 Re8 32. d4 e4 33. f3 exf3+ 34.
Kxf3 Rxe1 35. Kxg4 Re3 36. Kf4 Rxc3 37. g4 Rd3 38. Kf5 Rxd4 39. Kg6 Rxg4+ 40.
Kh5 Rxh4+ 41. Kxh4 c5 42. Kg4 c4 43. Kf4 c3 44. Ke3 c2 45. Kd2 h5 46. Kc3 h4
47. Kb2 h3 48. Kxa3 c1=Q+ 49. Kb3 Kc7 50. Kb4 Kc6 51. Ka4 b5+ 52. Ka5 Qa3# 0-1

[Event "British Columbia-Nova Scotia School m"]
[Site "Online"]
[Date "2022.03.05"]
[Round "1.16"]
[White "Wang, Andy"]
[Black "Shan, Eric"]
[Result "1-0"]
[WhiteElo "1459"]
[BlackElo "930"]
[PlyCount "85"]
[EventDate "2022.03.05"]
[EventType "team (rapid)"]
[EventRounds "2"]
[EventCountry "CAN"]

1. e4 c5 2. Nf3 e6 3. d4 cxd4 4. Nxd4 Nc6 5. Nc3 Nf6 6. a3 Be7 7. Be3 O-O 8.
Be2 d5 9. exd5 Nxd5 10. Nxd5 exd5 11. O-O Bf6 12. c3 Bd7 13. Bf3 Be6 14. Qd2
Qd7 15. Rad1 Bg4 16. Rfe1 Nxd4 17. Bxg4 Qxg4 18. Bxd4 Bxd4 19. Qxd4 Qxd4 20.
Rxd4 Rad8 21. Red1 Rfe8 22. Kf1 Re5 23. c4 f5 24. Rxd5 Rdxd5 25. Rxd5 Rxd5 26.
cxd5 Kf7 27. Ke2 Ke7 28. Kd3 Kd7 29. f4 b5 30. b3 a6 31. g3 g6 32. h4 a5 33. a4
bxa4 34. bxa4 h5 35. Kd4 Kd6 36. Kc4 Kc7 37. Kb5 Kd6 38. Kxa5 Kxd5 39. Kb5 Kd6
40. a5 Kc7 41. Kc5 Kd7 42. a6 Kc7 43. Kd5 1-0

[Event "British Columbia-Nova Scotia School m"]
[Site "Online"]
[Date "2022.03.05"]
[Round "1.22"]
[White "McGrady, Adric"]
[Black "Lomas, Ellis"]
[Result "0-1"]
[WhiteElo "986"]
[BlackElo "1083"]
[PlyCount "142"]
[EventDate "2022.03.05"]
[EventType "team (rapid)"]
[EventRounds "2"]
[EventCountry "CAN"]

1. e4 e5 2. Nf3 Nc6 3. Bb5 Nf6 4. O-O Nxe4 5. Re1 Nd6 6. Bxc6 dxc6 7. Nxe5 Be7
8. d4 O-O 9. Nc3 Bf6 10. Ne4 Nxe4 11. Rxe4 Bxe5 12. Rxe5 b6 13. Qd3 Re8 14. Bf4
a5 15. Qg3 Rxe5 16. Bxe5 f6 17. Bxc7 Qxd4 18. Qb3+ Kh8 19. Bxb6 Qe5 20. c3 Be6
21. Qc2 Re8 22. Qd2 Bxa2 23. f4 Qb5 24. Rxa2 Qxb6+ 25. Kf1 Qc5 26. Ra1 Qb5+ 27.
Kf2 Qc5+ 28. Kf3 Qh5+ 29. Kg3 Qg6+ 30. Kf2 Qh5 31. Kg1 Rb8 32. Re1 Qc5+ 33. Kh1
h6 34. Re6 Qc4 35. Re1 Qb3 36. Re2 a4 37. Qc2 Qxc2 38. Rxc2 a3 39. b4 Ra8 40.
Ra2 Kg8 41. Kg1 Kf7 42. Kf2 Ke6 43. Ke3 Kd5 44. Kd3 c5 45. c4+ Kc6 46. b5+ Kb6
47. Kc3 Ra4 48. f5 Kb7 49. Kb3 Rb4+ 50. Kxa3 Rxc4 51. Re2 Rf4 52. Re7+ Kb6 53.
Rxg7 Rxf5 54. Rg6 h5 55. h3 Kxb5 56. g4 hxg4 57. hxg4 Rg5 58. Rxf6 Rxg4 59. Kb3
Rg3+ 60. Kc2 Kc4 61. Rf4+ Kb5 62. Rh4 c4 63. Rh8 Kb4 64. Rb8+ Kc5 65. Kc1 Rg2
66. Rb2 Rxb2 67. Kxb2 Kd4 68. Kc2 c3 69. Kd1 Kd3 70. Kc1 c2 71. Kb2 Kd2 0-1

[Event "British Columbia-Nova Scotia School m"]
[Site "Online"]
[Date "2022.03.05"]
[Round "1.23"]
[White "Kapra, Jerjis"]
[Black "Bonnis, Antonia"]
[Result "1-0"]
[WhiteElo "1909"]
[BlackElo "762"]
[PlyCount "39"]
[EventDate "2022.03.05"]
[EventType "team (rapid)"]
[EventRounds "2"]
[EventCountry "CAN"]

1. e4 e5 2. Nf3 d6 3. d4 f6 4. Bc4 Ne7 5. O-O g5 6. dxe5 Bg7 7. exf6 Bxf6 8.
Nxg5 Bxg5 9. Bxg5 h6 10. Qh5+ Kd7 11. Bf6 Rf8 12. Qxh6 Qe8 13. Nc3 Ng8 14. Qg7+
Kc6 15. Bb5+ Kb6 16. Bxe8 Rxe8 17. Nd5+ Kc6 18. Qxc7+ Kb5 19. a4+ Ka6 20. Nb4#
1-0

[Event "British Columbia-Nova Scotia School m"]
[Site "Online"]
[Date "2022.03.05"]
[Round "1.24"]
[White "Ahn, Hwiseong"]
[Black "Xie, Tao"]
[Result "0-1"]
[WhiteElo "933"]
[BlackElo "1352"]
[PlyCount "56"]
[EventDate "2022.03.05"]
[EventType "team (rapid)"]
[EventRounds "2"]
[EventCountry "CAN"]

1. e4 e6 2. Nf3 d5 3. Nc3 d4 4. Ne2 c5 5. b3 Nc6 6. Bb2 e5 7. Ng3 Bd6 8. Bb5
Nge7 9. O-O O-O 10. Bc4 Na5 11. Be2 Qb6 12. Ng5 h6 13. Nf3 f5 14. exf5 Nxf5 15.
Ne4 Be6 16. d3 Ne7 17. Nfd2 Rac8 18. Nc4 Nxc4 19. dxc4 Ng6 20. Bg4 Be7 21. Re1
Rf4 22. Bxe6+ Qxe6 23. Bc1 Rg4 24. Qf3 Nh4 25. Qe2 Rxg2+ 26. Kf1 Qh3 27. Ng3
Rg1+ 28. Kxg1 Qg2# 0-1

[Event "British Columbia-Nova Scotia School m"]
[Site "Online"]
[Date "2022.03.05"]
[Round "2.1"]
[White "Lian, Haoming"]
[Black "Shi, Xinyi (Olivia)"]
[Result "1-0"]
[WhiteElo "1105"]
[BlackElo "582"]
[PlyCount "93"]
[EventDate "2022.03.05"]
[EventType "team (rapid)"]
[EventRounds "2"]
[EventCountry "CAN"]

1. b4 e5 2. Bb2 Nc6 3. b5 Nb4 4. Bxe5 d5 5. a3 Bf5 6. axb4 Bxb4 7. e3 Nf6 8. c3
Be7 9. Bxf6 Bxf6 10. d4 O-O 11. Nf3 Re8 12. Be2 Qd6 13. O-O h6 14. Nbd2 a5 15.
Nb3 a4 16. Nc5 b6 17. Nd3 a3 18. Nb4 c5 19. Nc6 c4 20. Qc1 Bd7 21. Re1 Bxc6 22.
bxc6 Qxc6 23. Rxa3 Rab8 24. Qc2 b5 25. Bf1 Be7 26. Raa1 Bd6 27. Rab1 Be7 28.
Rb2 Bd6 29. Reb1 Be7 30. Ne5 Qa6 31. Qf5 Bf6 32. Nd7 Rb7 33. Nc5 g6 34. Qf3 Qc6
35. Nxb7 Qe6 36. Rxb5 Rf8 37. Nc5 Qe7 38. Rb7 Qd6 39. R1b6 Qd8 40. Qxf6 Qxf6
41. Rxf6 Kg7 42. Rd6 Kh8 43. Rxd5 Kg7 44. Ne6+ Kh8 45. Nxf8 Kg8 46. Nxg6 fxg6
47. Rd8# 1-0

[Event "British Columbia-Nova Scotia School m"]
[Site "Online"]
[Date "2022.03.05"]
[Round "2.2"]
[White "Kaethler-Morin, Oliver"]
[Black "Wang, Bowen"]
[Result "1-0"]
[WhiteElo "626"]
[BlackElo "517"]
[PlyCount "117"]
[EventDate "2022.03.05"]
[EventType "team (rapid)"]
[EventRounds "2"]
[EventCountry "CAN"]

1. e4 e5 2. Nf3 Nc6 3. Bc4 Bc5 4. Ng5 d5 5. Bxd5 Be6 6. Bxe6 fxe6 7. Nxe6 Qe7
8. Nxc5 Qxc5 9. O-O O-O-O 10. h4 Kb8 11. g3 Nce7 12. Nc3 Rf8 13. Na4 Qd4 14.
Nc3 Ng6 15. d3 N8e7 16. Be3 Qd6 17. Qd2 Qe6 18. Rae1 Qh3 19. Qe2 Nc6 20. Qf3
Rxf3 21. Ne2 Nf4 22. Bxf4 exf4 23. Nxf4 Rf8 24. Re3 R8xf4 25. gxf4 Rxf4 26.
Rxh3 Rg4+ 27. Kh2 Nd4 28. f3 Rf4 29. Kg3 Rf7 30. c3 Ne2+ 31. Kf2 Nf4 32. Rg3
Nxd3+ 33. Ke3 Ne5 34. f4 Nc4+ 35. Kd4 Nd6 36. e5 Nf5+ 37. Kd3 Nxg3 38. Rf3 Nh1
39. Rf1 Ng3 40. Rg1 Nf5 41. Rg5 Ne7 42. Ke4 h6 43. e6 hxg5 44. exf7 Ng6 45. Kf5
Nf8 46. Kg4 gxh4 47. Kxh4 Ng6+ 48. Kg5 Nf8 49. Kf5 g6+ 50. Kf6 Kc8 51. Ke7 Nh7
52. f8=Q+ Nxf8 53. Kxf8 Kd7 54. Kg7 g5 55. fxg5 Kd8 56. Kf7 Kd7 57. g6 Kd6 58.
g7 Kd5 59. g8=Q 1-0

[Event "British Columbia-Nova Scotia School m"]
[Site "Online"]
[Date "2022.03.05"]
[Round "2.3"]
[White "Ye, YouJia"]
[Black "Tang, Derek"]
[Result "1-0"]
[WhiteElo "1013"]
[BlackElo "570"]
[PlyCount "40"]
[EventDate "2022.03.05"]
[EventType "team (rapid)"]
[EventRounds "2"]
[EventCountry "CAN"]

1. e4 e5 2. Nf3 Nc6 3. Bc4 Nf6 4. Nc3 Bc5 5. O-O O-O 6. d3 h6 7. Be3 d6 8. h3
Bxe3 9. fxe3 Nb4 10. a3 b6 11. axb4 a5 12. bxa5 bxa5 13. d4 exd4 14. exd4 Bb7
15. e5 Ne4 16. Nxe4 Bxe4 17. Qe2 d5 18. Bd3 Bxd3 19. Qxd3 Rc8 20. Rae1 Qe7 1-0

[Event "British Columbia-Nova Scotia School m"]
[Site "Online"]
[Date "2022.03.05"]
[Round "2.4"]
[White "Deng, Jeffrey"]
[Black "Hildebrand, Charles"]
[Result "1-0"]
[WhiteElo "768"]
[BlackElo "613"]
[PlyCount "63"]
[EventDate "2022.03.05"]
[EventType "team (rapid)"]
[EventRounds "2"]
[EventCountry "CAN"]

1. e4 e5 2. Nf3 Nc6 3. Nc3 Nf6 4. d3 Bc5 5. Be2 Ng4 6. O-O O-O 7. h3 Nf6 8. Bd2
d6 9. Na4 Bd4 10. Nxd4 exd4 11. c3 dxc3 12. Nxc3 Re8 13. Qc2 Nb4 14. Qb3 Nc6
15. a3 Be6 16. Qd1 Na5 17. b4 Nb3 18. Rb1 Nxd2 19. Qxd2 c5 20. bxc5 dxc5 21.
Rxb7 Qc8 22. Rbb1 Rb8 23. Rxb8 Qxb8 24. Bf3 h6 25. Rb1 Qc8 26. Qe3 c4 27. dxc4
Qxc4 28. Rc1 Qb3 29. a4 Qb2 30. Rb1 Qc2 31. Bd1 Qxb1 32. Nxb1 1-0

[Event "British Columbia-Nova Scotia School m"]
[Site "Online"]
[Date "2022.03.05"]
[Round "2.5"]
[White "Zhu, Forrest"]
[Black "Syed, Juveria"]
[Result "0-1"]
[WhiteElo "1144"]
[BlackElo "665"]
[PlyCount "48"]
[EventDate "2022.03.05"]
[EventType "team (rapid)"]
[EventRounds "2"]
[EventCountry "CAN"]

1. e4 e5 2. Nf3 Nc6 3. Bc4 h6 4. d3 f6 5. Nc3 Bc5 6. Nd5 d6 7. h3 Be6 8. Nxc7+
Qxc7 9. Bxe6 Qe7 10. Bb3 O-O-O 11. Nh4 a6 12. Ng6 Qd7 13. Nxh8 g6 14. Nxg6 Qg7
15. Be6+ Kb8 16. Nh4 Re8 17. Bd5 h5 18. Qxh5 Rd8 19. Qf3 Qh7 20. c3 Qxh4 21. b4
Bb6 22. c4 Nd4 23. Qd1 Nc6 24. b5 Qxf2# 0-1

[Event "British Columbia-Nova Scotia School m"]
[Site "Online"]
[Date "2022.03.05"]
[Round "2.7"]
[White "Mishra-Jaiman, Panshul"]
[Black "Zafar, Hamdan"]
[Result "1-0"]
[WhiteElo "1230"]
[BlackElo "573"]
[PlyCount "40"]
[EventDate "2022.03.05"]
[EventType "team (rapid)"]
[EventRounds "2"]
[EventCountry "CAN"]

1. d4 d5 2. c4 c6 3. Nc3 Nf6 4. Nf3 Bf5 5. Bf4 e6 6. e3 Bd6 7. Bxd6 c5 8. Bxc5
Nbd7 9. Bd6 Ne4 10. Nb5 Qb6 11. Bc7 Qa6 12. Bd6 Qa5+ 13. b4 Qa3 14. Nxa3 b6 15.
Nb5 Nc3 16. Nxc3 Be4 17. Nxe4 dxe4 18. Ne5 Nf6 19. Qa4+ b5 20. Qxb5+ Kd8 1-0

[Event "British Columbia-Nova Scotia School m"]
[Site "Online"]
[Date "2022.03.05"]
[Round "2.8"]
[White "Hong, James"]
[Black "Wang, David"]
[Result "0-1"]
[WhiteElo "1016"]
[BlackElo "878"]
[PlyCount "72"]
[EventDate "2022.03.05"]
[EventType "team (rapid)"]
[EventRounds "2"]
[EventCountry "CAN"]

1. e4 e5 2. Nf3 Nc6 3. d4 exd4 4. Nxd4 Nf6 5. Nxc6 bxc6 6. Nc3 Bb4 7. f3 d5 8.
Bg5 d4 9. e5 dxc3 10. Qxd8+ Kxd8 11. Kf2 cxb2 12. Rb1 Ba3 13. exf6 g6 14. Bc4
h6 15. Bh4 g5 16. Bg3 Be6 17. Rhd1+ Kc8 18. Ba6+ Kb8 19. c4 Bc8 20. Bxc8 Kxc8
21. Rd3 Bc5+ 22. Kf1 Rb8 23. Rd2 Ba3 24. Rd3 Bc5 25. Rb3 Rxb3 26. axb3 Ba3 27.
Be1 Rd8 28. Bc3 Rd6 29. Bxb2 Bxb2 30. Rxb2 Rxf6 31. Ra2 Kb7 32. Ke2 Kb6 33. Ke3
a5 34. Kd4 c5+ 35. Ke5 Re6+ 36. Kd5 c6# 0-1

[Event "British Columbia-Nova Scotia School m"]
[Site "Online"]
[Date "2022.03.05"]
[Round "2.9"]
[White "Golchin, Ryan"]
[Black "Syed, Hamza Ali Ahmed"]
[Result "1-0"]
[WhiteElo "1244"]
[BlackElo "696"]
[PlyCount "135"]
[EventDate "2022.03.05"]
[EventType "team (rapid)"]
[EventRounds "2"]
[EventCountry "CAN"]

1. e4 e5 2. Nf3 Nc6 3. Bc4 h6 4. c3 Nf6 5. d4 Nxe4 6. Nxe5 Qf6 7. Qf3 Qxf3 8.
gxf3 Ng5 9. Bxg5 hxg5 10. Nxf7 Rh3 11. Nxg5 Rh5 12. Bf7+ Kd8 13. Bxh5 Be7 14.
Nf7+ Ke8 15. Nd6+ Kf8 16. Nf5 Bg5 17. Rg1 Bf6 18. Nd2 d5 19. O-O-O Bxf5 20. Bg4
Bd3 21. Nb3 Re8 22. Rxd3 Bg5+ 23. Kc2 Re2+ 24. Kd1 Rxb2 25. Nd2 Bxd2 26. Rxd2
Rb1+ 27. Ke2 Rxg1 28. Rb2 Rg2 29. Rxb7 Rxh2 30. Rxc7 Na5 31. Rxa7 Nc4 32. Be6
Rh5 33. Rf7+ Ke8 34. Rxg7 Kd8 35. Rd7+ Ke8 36. Bf7+ Kxd7 37. Bxh5 Nb2 38. Kd2
Na4 39. Bf7 Kd6 40. Be8 Nb6 41. a4 Nc8 42. Kd3 Nb6 43. Bb5 Nc8 44. c4 dxc4+ 45.
Kxc4 Nb6+ 46. Kd3 Nd5 47. Kc4 Nb6+ 48. Kc3 Nd5+ 49. Kd3 Nb4+ 50. Ke4 Nd5 51. f4
Nf6+ 52. Kf5 Nd5 53. Be8 Ne7+ 54. Ke4 Nd5 55. f5 Ke7 56. Kxd5 Kxe8 57. Ke6 Kd8
58. f6 Ke8 59. f7+ Kf8 60. f4 Kg7 61. Ke7 Kg6 62. f8=Q Kh5 63. Qg7 Kh4 64. f5
Kh5 65. f6 Kh4 66. f7 Kh5 67. f8=Q Kh4 68. Qfh8# 1-0

[Event "British Columbia-Nova Scotia School m"]
[Site "Online"]
[Date "2022.03.05"]
[Round "2.10"]
[White "Li, Ethan"]
[Black "Marchand, Calix"]
[Result "0-1"]
[WhiteElo "1248"]
[BlackElo "1499"]
[PlyCount "72"]
[EventDate "2022.03.05"]
[EventType "team (rapid)"]
[EventRounds "2"]
[EventCountry "CAN"]

1. e4 d5 2. exd5 Nf6 3. d4 Nxd5 4. Nf3 g6 5. Bc4 Bg7 6. c3 O-O 7. O-O Nc6 8.
Be3 Nb6 9. Bb3 Na5 10. Bc2 Nac4 11. b3 Nxe3 12. fxe3 Qd6 13. Nbd2 Nd5 14. Ne4
Qc6 15. Qd2 f5 16. Nc5 b6 17. e4 bxc5 18. exd5 Qxd5 19. c4 Bxd4+ 20. Kh1 Qd6
21. Nxd4 Qxd4 22. Qxd4 cxd4 23. Rad1 c5 24. Rfe1 Re8 25. Re5 Bb7 26. Rxc5 e5
27. Re1 e4 28. Rc7 Rab8 29. Rd7 d3 30. Bb1 Rbd8 31. Rxd8 Rxd8 32. Rd1 d2 33.
Kg1 e3 34. Kf1 Bxg2+ 35. Ke2 Re8 36. Bd3 Bh3 0-1